WHAT YOUR BOSS REALLY WANTS FROM YOU 15 (Record no. 31641)

MARC details
000 -LEADER
fixed length control field 00364nam a2200133Ia 4500
008 - FIXED-LENGTH DATA ELEMENTS--GENERAL INFORMATION
fixed length control field 240624s9999 xx 000 0 und d
041 ## - LANGUAGE CODE
Language code of text/sound track or separate title eng
082 ## - DEWEY DECIMAL CLASSIFICATION NUMBER
Classification number 650.13 ARN
100 ## - MAIN ENTRY--PERSONAL NAME
Personal name ARNESON STEVE
245 ## - TITLE STATEMENT
Title WHAT YOUR BOSS REALLY WANTS FROM YOU 15
260 ## - PUBLICATION, DISTRIBUTION, ETC.
Date of publication, distribution, etc. 2014
Place of publication, distribution, etc. San Francisco
Name of publisher, distributor, etc. Berrett-Koehler Publishers
300 ## - PHYSICAL DESCRIPTION
Extent viii, 107 p.; 23 cm.
365 ## - TRADE PRICE
Currency code
Price amount 38
Holdings
Withdrawn status Lost status Damaged status Not for loan Home library Current library Shelving location Date acquired Full call number Barcode Date last seen Copy number Price effective from Koha item type
        IMTN IMTN Rack 18-B 04/24/2019 650.13 ARN 31641 06/24/2024 72 06/24/2024 Books
Designed & Maintained by: LRC IMT Nagpur Contact: lrc@imtnag.ac.in© 2024. All Rights Reserved.